LIBRARY ONLINE CATALOGUE

The female brain (Record no. 17706)

MARC details
000 -LEADER
fixed length control field 00493nam a22001817a 4500
008 - FIXED-LENGTH DATA ELEMENTS--GENERAL INFORMATION
fixed length control field 190525b xxu||||| |||| 00| 0 eng d
020 ## - INTERNATIONAL STANDARD BOOK NUMBER
International Standard Book Number 0415277221
040 ## - CATALOGING SOURCE
Original cataloging agency KABU
Transcribing agency KABU
050 ## - LIBRARY OF CONGRESS CALL NUMBER
Classification number QP376
Item number .D37 2002 c. 1
100 ## - MAIN ENTRY--PERSONAL NAME
Personal name Darlington, Cynthia
245 ## - TITLE STATEMENT
Title The female brain
Statement of responsibility, etc. Cynthia Darlington
260 ## - PUBLICATION, DISTRIBUTION, ETC. (IMPRINT)
Place of publication, distribution, etc. London
Name of publisher, distributor, etc. Taylor & Francis
Date of publication, distribution, etc. 2002
300 ## - PHYSICAL DESCRIPTION
Extent xi, 211 p.
650 ## - SUBJECT ADDED ENTRY--TOPICAL TERM
Topical term or geographic name as entry element Brain
650 ## - SUBJECT ADDED ENTRY--TOPICAL TERM
Topical term or geographic name as entry element Women
General subdivision Physiology
650 ## - SUBJECT ADDED ENTRY--TOPICAL TERM
Topical term or geographic name as entry element Neuroendocrinology
942 ## - ADDED ENTRY ELEMENTS (KOHA)
Source of classification or shelving scheme Library of Congress Classification
Koha item type General Collection
Classification part QP376
Holdings
Withdrawn status Lost status Source of classification or shelving scheme Not for loan Home library Current library Date acquired Cost, normal purchase price Total Checkouts Full call number Barcode Date last seen Date last checked out Copy number Price effective from Koha item type
    Library of Congress Classification   Kabarak, Main Campus Kabarak, Main Campus 25/05/2019 2400.00 1 QP376 .D37 2002 c. 1 022393 27/06/2022 06/06/2022 c. 1 25/05/2019 General Collection
    Library of Congress Classification   Kabarak, Main Campus Kabarak, Main Campus 25/05/2019 2400.00   QP376 .D37 2002 c. 2 022394 25/05/2019   c. 2 25/05/2019 General Collection